Microelectronic circuits (Record no. 4579)
[ view plain ]
| 000 -LEADER | |
|---|---|
| fixed length control field | 00783 a2200229 4500 |
| 020 ## - INTERNATIONAL STANDARD BOOK NUMBER | |
| International Standard Book Number | 0195142527 |
| 020 ## - INTERNATIONAL STANDARD BOOK NUMBER | |
| International Standard Book Number | 0195142527 |
| 022 ## - INTERNATIONAL STANDARD SERIAL NUMBER | |
| International Standard Serial Number | 0195142527 |
| 040 ## - CATALOGING SOURCE | |
| Original cataloging agency | DLC |
| Language of cataloging | DLC |
| 082 ## - DEWEY DECIMAL CLASSIFICATION NUMBER | |
| Classification number | 621.381 |
| 100 1# - MAIN ENTRY--PERSONAL NAME | |
| Personal name | Sedra, Adel S. |
| 245 10 - TITLE STATEMENT | |
| Title | Microelectronic circuits |
| Statement of responsibility, etc. | Adel S. Sedra, Kenneth C. Smith. |
| 250 ## - EDITION STATEMENT | |
| Edition statement | 5th ed. |
| 260 ## - PUBLICATION, DISTRIBUTION, ETC. | |
| Place of publication, distribution, etc. | New York : |
| Name of publisher, distributor, etc. | Oxford University Press, |
| Date of publication, distribution, etc. | 2004. |
| 300 ## - PHYSICAL DESCRIPTION | |
| Extent | xxx, 1283, [76] p. : |
| Other physical details | ill. (some col.) ; |
| Dimensions | 26 cm. + |
| Accompanying material | 1 CD-ROM (4 3/4 in.) |
| 440 #4 - SERIES STATEMENT/ADDED ENTRY--TITLE | |
| Title | The Oxford series in electrical and computer engineering. |
| 538 ## - SYSTEM DETAILS NOTE | |
| System details note | System requirements for accompanying CD-ROM: IBM PC or compatible, CD-ROM drive. |
| 650 #0 - SUBJECT ADDED ENTRY--TOPICAL TERM | |
| Topical term or geographic name entry element | Electronic circuits. |
| 650 #0 - SUBJECT ADDED ENTRY--TOPICAL TERM | |
| Topical term or geographic name entry element | Integrated circuits. |
| 700 1# - ADDED ENTRY--PERSONAL NAME | |
| Personal name | Smith, Kenneth Carless. |
| 942 ## - ADDED ENTRY ELEMENTS (KOHA) | |
| Koha item type | Book |
| Call number prefix | 621.381 SED |
| Source of classification or shelving scheme | |
| Withdrawn status | Lost status | Damaged status | Not for loan | Collection code | Permanent Location | Current Location | Shelving location | Date acquired | Source of acquisition | Cost, normal purchase price | Total Checkouts | Total Renewals | Full call number | Barcode | Date last seen | Date last checked out | Price effective from | Koha item type | Checked out | Source of classification or shelving scheme |
|---|---|---|---|---|---|---|---|---|---|---|---|---|---|---|---|---|---|---|---|---|
| Central Library (CL) | Central Library (CL) | General Stacks | 04/19/2004 | Allied Book Company | 603.28 | 7 | 1 | 621.381 SED | SEECS006441 | 12/30/2025 | 03/10/2025 | 01/05/2017 | Book | |||||||
| Central Library (CL) | Central Library (CL) | General Stacks | 04/19/2004 | Pak Book Corporation | 2262.90 | 4 | 1 | 621.381 SED | SEECS004360 | 06/06/2022 | 02/10/2020 | 01/05/2017 | Book | |||||||
| Central Library (CL) | Central Library (CL) | General Stacks | 02/20/2006 | Allied Book Company | 570.96 | 13 | 18 | 621.381 SED | SEECS006979 | 05/11/2026 | 01/20/2026 | 01/05/2017 | Book | |||||||
| Central Library (CL) | Central Library (CL) | General Stacks | 09/16/2005 | Allied Book Company | 603.28 | 7 | 1 | 621.381 SED | SEECS006444 | 01/02/2020 | 09/04/2019 | 01/05/2017 | Book | |||||||
| Central Library (CL) | Central Library (CL) | General Stacks | 04/14/2014 | 13 | 6 | 621.381 SED | SEECSD00198 | 10/28/2025 | 10/15/2025 | 01/05/2017 | Book | |||||||||
| Central Library (CL) | Central Library (CL) | General Stacks | 04/14/2014 | 6 | 1 | 621.381 SED | SEECSD00123 | 02/25/2021 | 02/25/2021 | 01/05/2017 | Book | 03/12/2021 | ||||||||
| Central Library (CL) | Central Library (CL) | General Stacks | 02/20/2006 | Allied Book Company | 570.96 | 10 | 18 | 621.381 SED | SEECS006981 | 10/10/2025 | 10/10/2025 | 01/05/2017 | Book | 11/09/2025 | ||||||
| Central Library (CL) | Central Library (CL) | General Stacks | 02/20/2006 | Allied Book Company | 570.96 | 12 | 10 | 621.381 SED | SEECS006977 | 02/12/2026 | 02/12/2026 | 01/05/2017 | Book | 03/14/2026 | ||||||
| Central Library (CL) | Central Library (CL) | Electrical Engineering | 04/14/2022 | Donation | 2 | 7 | 621.381 SED | CL-D-1650 | 09/11/2025 | 09/11/2025 | 04/14/2022 | Book | 02/20/2026 |
